| 000 -ლიდერი |
| ფიქსირებული სიგრძის საკონტროლო ველი |
01189nam a2200241Ia 4500 |
| 001 - საკონტროლო ნომერი |
| საკონტროლო ველი |
5797 |
| 003 - საკონტროლო ნომრის იდენტიფიკატორი |
| საკონტროლო ველი |
GE_BSU |
| 005 - ბოლო ოპერაციის თარიღი და დრო |
| საკონტროლო ველი |
20190620143932.0 |
| 008 - ფიქსირებული სიგრძის მონაცემთა ელემენტები - ზოგადი ინფორმაცია |
| ფიქსირებული სიგრძის საკონტროლო ველი |
181216s1238||||ge |||||||||||||| ||geo|| |
| 040 ## - კატალოგიზაციის წყარო |
| Transcribing agency |
GE_BSU |
| 041 ## - ენის კოდი |
| Language code of text/sound track or separate title |
geo |
| 080 ## - უნივერსალური ათობითი კლასიფიკაციის ინდექსი |
| Universal Decimal Classification number |
681.51(072) მ-30 |
| 100 ## - მთავარი ჩანაწერი - პიროვნების სახელი |
| Personal name |
გოგიჩაიშვილი, გ. |
| 9 (RLIN) |
1123 |
| 245 ## - ცნობა სათაურის შესახებ |
| Title |
მართვის ავტომატიზებული სისტემების დაპროექტება / |
| Statement of responsibility, etc |
გ. გოგიჩაიშვილი, თ. შეროზია, ზ. შურღაია ; რედ. ე. გიორგაძე |
| 264 ## - წარმოების, გამოცემის, დისტრიბუციის და სხვა ცნობები |
| გამოცემის, წარმოების, დისტრიბუციის... ადგილი |
თბილისი : |
| გამოცემის, წარმოების, დისტრიბუციის... სახელწოდება |
სტუ, |
| გამოცემის, წარმოების, დისტრიბუციის... თარიღი |
1999. |
| 300 ## - ფიზიკური აღწერა |
| Extent |
25 გვ. ; |
| Dimensions |
29 სმ. |
| 653 ## - INDEX TERM--UNCONTROLLED |
| Uncontrolled term |
მართვის ავტომატიზებული სისტემები |
| 700 ## - ADDED ENTRY--PERSONAL NAME |
| Personal name |
გოგიჩაიშვილი, გ. |
| Relator term |
შემდგენელი |
| 9 (RLIN) |
1123 |
| 700 ## - ADDED ENTRY--PERSONAL NAME |
| Personal name |
შეროზია, თ. |
| Relator term |
შემდგენელი |
| 9 (RLIN) |
2655 |
| 700 ## - ADDED ENTRY--PERSONAL NAME |
| Personal name |
შურღაია, ზ. |
| Relator term |
შემდგენელი |
| 9 (RLIN) |
2656 |
| 700 ## - ADDED ENTRY--PERSONAL NAME |
| Personal name |
გიორგაძე, ე. |
| Relator term |
რედაქტორი |
| 9 (RLIN) |
398 |
| 942 ## - ADDED ENTRY ELEMENTS (KOHA) |
| Koha item type |
წიგნი |
| Source of classification or shelving scheme |
|